LEADER 07111oam 2200841zu 450 001 9910956149703321 005 20251116163348.0 024 0 $ahttps://doi.org/10.3917/mard.meule.2004.01 035 $a(CKB)3170000000053284 035 $a(SSID)ssj0000702436 035 $a(PQKBManifestationID)12278467 035 $a(PQKBTitleCode)TC0000702436 035 $a(PQKBWorkID)10679551 035 $a(PQKB)11091190 035 $a(MiAaPQ)EBC5693229 035 $a(PPN)164734287 035 $a(FRCAIRNINFO)FRCAIRNINFO-MARD_MEULE_2004_01 035 $a(EXLCZ)993170000000053284 100 $a20160829d2004 uy 101 0 $afre 135 $aurcnu|||||||| 181 $ctxt 182 $cc 183 $acr 200 12$aL'examen neuropsychologique dans le cadre de l'expertise médico-légale 205 $a1st ed. 210 31$a[Place of publication not identified]$cMardaga$d2004 215 $a1 online resource (174 pages) 225 0 $aPratiques psychologiques 300 $aBibliographic Level Mode of Issuance: Monograph 311 08$a2-87009-857-X 327 $aPage de couverture -- Page de titre -- Introduction -- Chapitre 1 Les spécificités de l'expertise -- 1. Introduction -- 2. La sélection des tests : priorité aux épreuves bien standardisées -- 3. Le travail interprétatif : invalidité, incapacité et handicap -- 3.1. Le rapport «maladie-incapacité» -- 3.2. Le rapport entre incapacité cognitive et handicap -- 3.3. L'incapacité : aspects juridiques -- 4. La rédaction du rapport -- 5. Aspects déontologiques -- Chapitre 2 Traumatismes crâniens légers et whiplash -- 1. Introduction -- 1.1. Classification des traumatismes crâniens -- 2. Définition du traumatisme crânien léger -- 3. Étiologie et symptômes du traumatisme crânien léger -- 4. Whiplash ou «Syndrome cervical d'accélération/décélération» -- 5. Altérations neurophysiologiques et neuroanatomiques dans le traumatisme crânien léger et le whiplash -- 6. Troubles cognitifs et psychologiques dans les traumatismes crâniens légers et les whiplash -- 7. Implications pour l'évaluation neuropsychologique des traumatismes crâniens légers -- 8. Conclusion -- Chapitre 3 Principes de l'évaluation cognitive et de l'anamnèse en neuropsychologie -- 1. L'évaluation cognitive : principes généraux -- 1.1. Le problème des normes -- 1.2. Remarque sur le sur-diagnostic -- 1.3. Contenu de l'examen -- 1.4. Déroulement de l'examen -- 1.5. Evaluation du niveau prémorbide -- 2. L'anamnèse -- 2.1. Le recueil d'informations sur les circonstances à l'origine de l'examen -- 2.2. L'histoire de la maladie -- 2.3. La description des déficits cognitifs -- 2.4. Le passé scolaire et professionnel du patient -- 2.5. Prise de conscience et réactions aux troubles -- 2.6. L'évaluation des handicaps -- 2.7. L'anamnèse comme première évaluation cognitive -- Chapitre 4 L'évaluation des fonctions mnésiques -- 1. Introduction -- 2. Cadre théorique général -- 3. La mémoire de travail. 327 $a3.1. Évaluation de la mémoire de travail -- 4. La mémoire à long terme -- 4.1. La mémoire épisodique -- 4.2. Fonctionnement de la mémoire épisodique -- 4.3. Évaluation de la mémoire épisodique -- 5. Batteries d'évaluation -- 6. Pour une évaluation «écologique» -- 7. Conclusion -- Chapitre 5 L'évaluation des troubles de l'attention -- 1. Introduction -- 2. Les différents composants du fonctionnement attentionnel et leur examen -- 2.1. L'alerte attentionnelle -- 2.2. L'attention sélective ou focalisée -- 2.3. Capacités de traitement - ressources attentionnelles -- 2.4. La vigilance ou attention soutenue -- 3. Quelques précautions particulières -- Chapitre 6 L'évaluation des fonctions exécutives -- 1. Introduction -- 2. Les caractéristiques du fonctionnement exécutif -- 3. Les modèles du fonctionnement exécutif -- 4. L'évaluation des fonctions executives -- 4.1. La spécificité de cette évaluation -- 4.2. Les épreuves classiques d'évaluation du fonctionnement exécutif -- 4.3. Les tâches à visée plus écologique -- 4.4. Les relations entre émotion et cognition : le test du Casino -- 4.5. L'évaluation comportementale -- 5. Conclusion -- Chapitre 7 L'évaluation des modifications de la personnalité -- 1. Introduction -- 2. Les relations cerveau-émotion -- 3. Méthodes d'évaluation -- 4. Conclusion -- Chapitre 8 L'exagération et la simulation des troubles -- 1. Introduction -- 2. Les outils d'évaluation -- 2.1. Sensibilité et spécificité -- 2.2. Le problème de la sélection de l'échantillon des «faux» simulateurs -- 2.3. Outils spécifiques : les «Symptom Validity Tests» (SVT) -- 2.4. Indices de simulation issus de mesures standard -- 2.5. Pistes alternatives -- 3. Conclusion -- Conclusion -- Références -- Catalogue des éditions Mardaga -- Copyright. 330 $aLes personnes ayant subi un traumatisme cra?nien lors d'un accident de la route ou d'un accident du travail peuvent pre?senter des difficulte?s cognitives susceptibles, selon leur se?ve?rite?, d'hypothe?quer la reprise de leurs activite?s professionnelles et de perturber significativement diffe?rents aspects de leur vie quotidienne. Dans un contexte me?dicole?gal, il s'agit d'e?valuer avec pre?cision la nature et l'importance de ces difficulte?s, ainsi que leur impact en termes de handicaps sur la vie quotidienne du patient. Cette e?valuation permettra aux me?decins experts d'estimer le dommage subi par le patient et de de?terminer les compensations financie?res ou autres auxquelles il a droit. 606 $aJurisprudence 606 $aDisease 606 $aNeurologic Manifestations 606 $aEconomics 606 $aBehavior and Behavior Mechanisms 606 $aSocial Control, Formal 606 $aNervous System Diseases 606 $aSigns and Symptoms 606 $aHealth Care Economics and Organizations 606 $aPathological Conditions, Signs and Symptoms 606 $aSociology 606 $aDelivery of Health Care 606 $aSocial Sciences 606 $aWounds and Injuries 606 $aNeurobehavioral Manifestations 606 $aCompensation and Redress 615 2$aJurisprudence. 615 2$aDisease. 615 2$aNeurologic Manifestations. 615 2$aEconomics. 615 2$aBehavior and Behavior Mechanisms. 615 2$aSocial Control, Formal. 615 2$aNervous System Diseases. 615 2$aSigns and Symptoms. 615 2$aHealth Care Economics and Organizations. 615 2$aPathological Conditions, Signs and Symptoms. 615 2$aSociology. 615 2$aDelivery of Health Care. 615 2$aSocial Sciences. 615 2$aWounds and Injuries. 615 2$aNeurobehavioral Manifestations. 615 2$aCompensation and Redress. 676 $a617.1 700 $aMeulemans$b Thierry$01894321 801 0$bPQKB 906 $aBOOK 912 $a9910956149703321 996 $aL'examen neuropsychologique dans le cadre de l'expertise médico-légale$94545509 997 $aUNINA